| 000 | 00368nam a22001451a 4500 | ||
|---|---|---|---|
| 020 | _a9781851681464 | ||
| 082 |
_a297 _bFAR/O |
||
| 100 | _aFarid Esack | ||
| 245 |
_aOn being a muslim: _bfinding a religious path in the world today/ _cby Farid Esack |
||
| 260 |
_aOxford: _bOneworld, _c2006. |
||
| 300 | _a212p. | ||
| 650 | _aIslam | ||
| 650 | _aReligion | ||
| 942 | _cBK | ||
| 999 |
_c32155 _d32155 |
||